Orientierungen für ordnungspolitische Reformen: Walter Hamm zum 80. Geburtstag
Saved in:
| Other Authors: | |
|---|---|
| Format: | Book |
| Language: | German |
| Published: |
Stuttgart
Lucius & Lucius
2003
|
| Series: | Studien zur Ordnungsökonomik
|
| Subjects: | |
| Tags: |
No Tags, Be the first to tag this record!
|
MARC
| LEADER | 00000nam$a2200000$$$4500 | ||
|---|---|---|---|
| 001 | 0001673 | ||
| 005 | 20240314090443.1 | ||
| 020 | |a 3-8282-0259-4 | ||
| 041 | 0 | |a ger | |
| 044 | |a DE | ||
| 245 | 1 | 0 | |a Orientierungen für ordnungspolitische Reformen: |b Walter Hamm zum 80. Geburtstag |c Herausgegeben von Alfred Schüller |
| 264 | 1 | |a Stuttgart |b Lucius & Lucius |c 2003 | |
| 300 | |a 77 s. | ||
| 490 | 1 | |a Studien zur Ordnungsökonomik | |
| 830 | 0 | |a Studien zur Ordnungsökonomik | |
| 610 | 2 | 0 | |a politika |
| 610 | 2 | 0 | |a štúdie |
| 610 | 2 | 0 | |a reformy |
| 610 | 2 | 0 | |a zdravotníctvo |
| 610 | 2 | 0 | |a poistenie |
| 610 | 2 | 0 | |a modely |
| 610 | 2 | 0 | |a doprava |
| 610 | 2 | 0 | |a výskum |
| 610 | 2 | 0 | |a spoločnosť občianska |
| 610 | 2 | 0 | |a Nemecko |
| 610 | 2 | 0 | |a Európa |
| 700 | 1 | |a Schüller, Alfred | |